000 00624nam a2200193Ia 4500
005 20220714151610.0
008 210716s1989 xx 000 0 und d
020 _a9780071006060
040 _cAIMIT LIBRARY
041 _aeng
082 _a003.54
_22
_bSENJ
100 _aSenn, James A.
_949469
245 _aAnalysis and design of information systems /
_cBy James A. Senn.
250 _a2
260 _aNew York :
_bMcGraw Hill ,
_c1989.
300 _axvii,851 p.;
_c24.5 cm.
650 _aRequirements analysis and determination Application prototope development strategy
_949470
942 _2ddc
_cBK
_e2nd
_k003.54 SENJ
999 _c184375
_d184375